<?xml version="1.0" encoding="UTF-8"?>
<record
    xmlns:xsi="http://www.w3.org/2001/XMLSchema-instance"
    xsi:schemaLocation="http://www.loc.gov/MARC21/slim http://www.loc.gov/standards/marcxml/schema/MARC21slim.xsd"
    xmlns="http://www.loc.gov/MARC21/slim">

  <leader>01347nam a22002537a 4500</leader>
  <controlfield tag="003">NALT</controlfield>
  <controlfield tag="005">20230206130214.0</controlfield>
  <controlfield tag="008">210304b        th ||||| |||| 00| 0 tha d</controlfield>
  <datafield tag="020" ind1=" " ind2=" ">
    <subfield code="a">9786164761124</subfield>
  </datafield>
  <datafield tag="040" ind1=" " ind2=" ">
    <subfield code="a">NALT</subfield>
  </datafield>
  <datafield tag="050" ind1=" " ind2=" ">
    <subfield code="a">HD 57.7</subfield>
    <subfield code="b">&#xE1E;718&#xE1C; 2563</subfield>
  </datafield>
  <datafield tag="100" ind1="0" ind2=" ">
    <subfield code="9">50818</subfield>
    <subfield code="a">&#xE1E;&#xE34;&#xE21;&#xE1E;&#xE4C;&#xE25;&#xE34;&#xE02;&#xE34;&#xE15; &#xE41;&#xE01;&#xE49;&#xE27;&#xE2B;&#xE32;&#xE19;&#xE32;&#xE21;</subfield>
  </datafield>
  <datafield tag="245" ind1="1" ind2="0">
    <subfield code="a">&#xE1C;&#xE39;&#xE49;&#xE19;&#xE33;&#xE1B;&#xE31;&#xE0D;&#xE0D;&#xE32;&#xE40;&#xE0A;&#xE34;&#xE07;&#xE1B;&#xE0F;&#xE34;&#xE1A;&#xE31;&#xE15;&#xE34; : </subfield>
    <subfield code="b">&#xE21;&#xE35;&#xE0A;&#xE31;&#xE22; &#xE27;&#xE35;&#xE23;&#xE30;&#xE44;&#xE27;&#xE17;&#xE22;&#xE30; &#xE1C;&#xE39;&#xE49;&#xE19;&#xE33;&#xE01;&#xE32;&#xE23;&#xE1E;&#xE31;&#xE12;&#xE19;&#xE32;&#xE1B;&#xE23;&#xE30;&#xE0A;&#xE32;&#xE01;&#xE23;&#xE41;&#xE25;&#xE30;&#xE0A;&#xE38;&#xE21;&#xE0A;&#xE19;&#xE2A;&#xE32;&#xE01;&#xE25; /</subfield>
    <subfield code="c">&#xE1C;&#xE39;&#xE49;&#xE40;&#xE02;&#xE35;&#xE22;&#xE19;, &#xE1E;&#xE34;&#xE21;&#xE1E;&#xE4C;&#xE25;&#xE34;&#xE02;&#xE34;&#xE15; &#xE41;&#xE01;&#xE49;&#xE27;&#xE2B;&#xE32;&#xE19;&#xE32;&#xE21;, &#xE01;&#xE15;&#xE31;&#xE0D;&#xE0D;&#xE39; &#xE41;&#xE01;&#xE49;&#xE27;&#xE2B;&#xE32;&#xE19;&#xE32;&#xE21;.</subfield>
  </datafield>
  <datafield tag="250" ind1=" " ind2=" ">
    <subfield code="a">&#xE1E;&#xE34;&#xE21;&#xE1E;&#xE4C;&#xE04;&#xE23;&#xE31;&#xE49;&#xE07;&#xE17;&#xE35;&#xE48; 1</subfield>
  </datafield>
  <datafield tag="260" ind1=" " ind2=" ">
    <subfield code="a">&#xE01;&#xE23;&#xE38;&#xE07;&#xE40;&#xE17;&#xE1E;&#xE2F; :</subfield>
    <subfield code="b">&#xE2A;&#xE16;&#xE32;&#xE1A;&#xE31;&#xE19;&#xE1E;&#xE23;&#xE30;&#xE1B;&#xE01;&#xE40;&#xE01;&#xE25;&#xE49;&#xE32;,</subfield>
    <subfield code="c">2563.</subfield>
  </datafield>
  <datafield tag="300" ind1=" " ind2=" ">
    <subfield code="a">128 &#xE2B;&#xE19;&#xE49;&#xE32; :</subfield>
    <subfield code="b">&#xE20;&#xE32;&#xE1E;&#xE1B;&#xE23;&#xE30;&#xE01;&#xE2D;&#xE1A; ;</subfield>
    <subfield code="c">24 &#xE0B;&#xE21;.</subfield>
  </datafield>
  <datafield tag="600" ind1="0" ind2="4">
    <subfield code="9">36228</subfield>
    <subfield code="a">&#xE21;&#xE35;&#xE0A;&#xE31;&#xE22; &#xE27;&#xE35;&#xE23;&#xE30;&#xE44;&#xE27;&#xE17;&#xE22;&#xE30;</subfield>
    <subfield code="x">&#xE0A;&#xE35;&#xE27;&#xE1B;&#xE23;&#xE30;&#xE27;&#xE31;&#xE15;&#xE34;</subfield>
  </datafield>
  <datafield tag="650" ind1=" " ind2="4">
    <subfield code="9">5550</subfield>
    <subfield code="a">&#xE20;&#xE32;&#xE27;&#xE30;&#xE1C;&#xE39;&#xE49;&#xE19;&#xE33;</subfield>
  </datafield>
  <datafield tag="700" ind1="0" ind2=" ">
    <subfield code="9">50874</subfield>
    <subfield code="a">&#xE01;&#xE15;&#xE31;&#xE0D;&#xE0D;&#xE39; &#xE41;&#xE01;&#xE49;&#xE27;&#xE2B;&#xE32;&#xE19;&#xE32;&#xE21;</subfield>
  </datafield>
  <datafield tag="850" ind1=" " ind2=" ">
    <subfield code="a">NALT</subfield>
  </datafield>
  <datafield tag="942" ind1=" " ind2=" ">
    <subfield code="c">RSH</subfield>
    <subfield code="2">lcc</subfield>
  </datafield>
  <datafield tag="998" ind1=" " ind2=" ">
    <subfield code="a">bijaya</subfield>
    <subfield code="b">phon</subfield>
    <subfield code="c">phon</subfield>
    <subfield code="j">8</subfield>
    <subfield code="k"> &#xE19;&#xE32;&#xE22;&#xE1A;&#xE31;&#xE13;&#xE11;&#xE34;&#xE15;  &#xE2D;&#xE38;&#xE17;&#xE32;&#xE27;&#xE07;&#xE04;&#xE4C;</subfield>
  </datafield>
  <datafield tag="999" ind1=" " ind2=" ">
    <subfield code="c">98166</subfield>
    <subfield code="d">98166</subfield>
  </datafield>
  <datafield tag="952" ind1=" " ind2=" ">
    <subfield code="0">0</subfield>
    <subfield code="1">0</subfield>
    <subfield code="2">lcc</subfield>
    <subfield code="4">0</subfield>
    <subfield code="7">0</subfield>
    <subfield code="8">CRSH</subfield>
    <subfield code="a">NALT</subfield>
    <subfield code="b">NALT</subfield>
    <subfield code="d">2021-03-04</subfield>
    <subfield code="l">1</subfield>
    <subfield code="m">1</subfield>
    <subfield code="o">&#xE27; HD 57.7 &#xE1E;718&#xE1C; 2563</subfield>
    <subfield code="p">3961211769</subfield>
    <subfield code="r">2023-03-02 00:00:00</subfield>
    <subfield code="s">2023-02-06</subfield>
    <subfield code="t">&#xE09;.1</subfield>
    <subfield code="w">2021-03-04</subfield>
    <subfield code="y">RSH</subfield>
  </datafield>
  <datafield tag="952" ind1=" " ind2=" ">
    <subfield code="0">0</subfield>
    <subfield code="1">0</subfield>
    <subfield code="2">lcc</subfield>
    <subfield code="4">0</subfield>
    <subfield code="7">0</subfield>
    <subfield code="8">CRSH</subfield>
    <subfield code="a">NALT</subfield>
    <subfield code="b">NALT</subfield>
    <subfield code="d">2021-03-04</subfield>
    <subfield code="o">&#xE27; HD 57.7 &#xE1E;718&#xE1C; 2563</subfield>
    <subfield code="p">3961211770</subfield>
    <subfield code="r">2021-03-12 00:00:00</subfield>
    <subfield code="t">&#xE09;.2</subfield>
    <subfield code="w">2021-03-04</subfield>
    <subfield code="y">RSH</subfield>
  </datafield>
</record>
